000 01043 a2200301 4500
001 200419605
003 TR-AnTOB
005 20241003093934.0
008 140528b tu 000 0
020 _a9789751959485
040 _aTR-AnTOB
_btur
_erda
_cTR-AnTOB
041 0 _atur
_aeng
050 0 0 _aHQ1726.7
_b.T675 2013
090 _aHQ1726.7
_b.T675 2013
245 1 0 _aToplumsal cinsiyet istatistikleri =
_bgender statistics 2013 /
_c[haz.] Türkiye İstatistik Kurumu.
264 1 _aAnkara :
_bTürkiye İstatistik Kurumu,
_c2014.
300 _axxiii, 136 pages :
_bgraphics, tables ;
_c21 cm
336 _atext
_2rdacontent
_btxt
337 _aunmediated
_2rdamedia
_bn
338 _avolume
_2rdacarrier
_bnc
490 0 _aTürkiye İstatistik Kurumu Yayın no ;
_v4152
650 0 _aKadınlar
_zTürkiye
_vİstatistikler
_986536
650 0 _aErkekler
_zTürkiye
_vİstatistikler
_999076
650 7 _aEkonomik göstergeler
_zTürkiye
_2etuturkob
_918460
650 0 _aSosyal göstergeler
_zTürkiye
_919553
942 _cBK
_2lcc
999 _c200419605
_d11287